| 000 | 00971nam a22003017a 4500 | ||
|---|---|---|---|
| 001 | 5459 | ||
| 003 | FISKH | ||
| 005 | 20250825132814.0 | ||
| 008 | 241209b cb ||||| |||| 00| 0 eng d | ||
| 020 | _a0590455761 | ||
| 040 |
_aFISKH _beng _cFISKH _dFISKH |
||
| 050 | _aPZ8.O37 | ||
| 082 | _a813.5 | ||
| 100 |
_aO'Keefe, Heyboer Susan _d(1953-) |
||
| 245 |
_aOne hungry monster / _cA Counting Book in Rhyme by Susan Heyboer O'Keefe illustrated by Lynn Munsinger |
||
| 250 | _aFirst printing in 1992 | ||
| 260 |
_aBoston : _bScholastic, _c1992. |
||
| 300 |
_a28 pages : _bcolor illustrations ; _c23 cm |
||
| 505 | _aE | ||
| 520 | _aAt bedtime a small boy tries to control ten insatiable monsters demanding food and creating chaos throughout the house. | ||
| 521 | 8 |
_a200
_bLexile |
|
| 521 | 8 |
_aE
_bRaz-Plus |
|
| 650 |
_2Math _aMonster |
||
| 650 |
_2Rhyme _aCounting |
||
| 700 |
_aMunsinger, Lynn _dIllustrator |
||
| 942 |
_2ddc _cBK _n0 |
||
| 999 |
_c5459 _d5459 |
||